[Event "Cannes op-B 18th"]
[Site "Cannes"]
[Date "1997.??.??"]
[Round "4"]
[White "Bukal, Vladimir Sr"]
[Black "Milesi, Laurent"]
[Result "1-0"]
[WhiteElo "2395"]
[BlackElo "2095"]

1.d4 Nf6 2.c4 g6 3.Nc3 d5 4.cxd5 Nxd5 5.e4 Nxc3 6.bxc3 Bg7 7.Nf3 O-O 8.Be2 c5
9.Rb1 Nc6 10.Be3 cxd4 11.cxd4 Qa5+ 12.Bd2 Qxa2 13.d5 Ne5 14.Nxe5 Bxe5 15.O-O a5
16.f4 Bg7 17.Qc1 Qa4 18.Bf3 b5 19.Kh1 Bd7 20.Qc5 b4 21.e5 Qb5 22.Be3 Rfc8
23.Qxe7 Bf8 24.Qf6 Bg7 25.Qb6 Qxb6 26.Bxb6 Bf5 27.d6  1-0

[Event "Cannes op 18th"]
[Site "Cannes"]
[Date "1997.??.??"]
[Round "8"]
[White "Verdier, Patrice"]
[Black "Jelen, Igor"]
[Result "0-1"]
[WhiteElo "2320"]
[BlackElo "2405"]

1.d4 Nf6 2.c4 g6 3.Nc3 d5 4.cxd5 Nxd5 5.e4 Nxc3 6.bxc3 Bg7 7.Bc4 c5 8.Ne2 Nc6
9.Be3 O-O 10.O-O Bg4 11.f3 Na5 12.Bd5 Bd7 13.Rb1 a6 14.Bxb7 Ra7 15.Bd5 Bb5
16.dxc5 Rd7 17.Qe1 e6 18.c6 Rd6 19.c4 Nxc4 20.Bxc4 Bxc4 21.Bc5 Rxc6 22.Bxf8 Qxf8
23.Qd2 Rd6 24.Qe3 Bxa2 25.Rb7 Bc4 26.Rfb1 Bb5 27.e5 Rd3 28.Qb6 Bxe5 29.f4 Bd6
30.Kh1 Bc5 31.Qa5 Ra3 32.Qd2 Qc8 33.R7xb5 axb5 34.Rc1 Qf8 35.Qd7 b4 36.h3 Ra8
37.Ng3 Qd6 38.Qb5 Be3 39.Rf1 Rb8 40.Qc4 b3 41.Ne4 Qd4 42.Qc7 Rf8 43.Qb7 b2
44.g3 Bc1 45.Rf3 Qd1+ 46.Kg2 Qc2+ 47.Rf2 b1=Q  0-1

[Event "Cappelle op"]
[Site "Cappelle la Grande"]
[Date "1997.??.??"]
[Round "5"]
[White "Shneider, Aleksandr"]
[Black "Mirumian, Vigen"]
[Result "1/2-1/2"]
[WhiteElo "2565"]
[BlackElo "2425"]

1.d4 Nf6 2.c4 g6 3.Nc3 d5 4.cxd5 Nxd5 5.e4 Nxc3 6.bxc3 Bg7 7.Bc4 c5 8.Ne2 Nc6
9.Be3 O-O 10.O-O Qc7 11.Rc1 Rd8 12.Qd2 Qa5 13.d5 Ne5 14.Bb3 c4 15.Bc2 e6
16.f4 Nc6 17.Rb1 exd5 18.e5 Qc7 19.Nd4 Nxd4 20.Bxd4 Re8 21.Qf2 Bd7 22.h3 b5
23.Rfe1 a5 24.g4 Bc6 25.Qg3 b4 26.f5 b3 27.axb3 cxb3 28.Bxb3 a4 29.Ba2 Rab8
30.Qf2 a3 31.Qe3 Rb2 32.e6 Bxd4 33.cxd4 fxe6 34.fxe6 Qd6 35.Rxb2 axb2 36.e7 Rxe7  1/2-1/2

[Event "Cherepovets"]
[Site "Cherepovets"]
[Date "1997.??.??"]
[Round "3"]
[White "Petkevich, Jusefs"]
[Black "Kovalev, Andrei"]
[Result "1/2-1/2"]
[WhiteElo "2455"]
[BlackElo "2405"]

1.d4 Nf6 2.c4 g6 3.Nc3 d5 4.cxd5 Nxd5 5.e4 Nxc3 6.bxc3 Bg7 7.Bc4 O-O 8.Ne2 c5
9.Be3 Nc6 10.O-O Bg4 11.f3 cxd4 12.cxd4 Na5 13.Bd5 Bd7 14.Rb1  1/2-1/2

[Event "Cherepovets"]
[Site "Cherepovets"]
[Date "1997.??.??"]
[Round "5"]
[White "Lutsko, Igor"]
[Black "Shipov, Sergei"]
[Result "0-1"]
[WhiteElo "2410"]
[BlackElo "2540"]

1.d4 Nf6 2.c4 g6 3.Nc3 d5 4.cxd5 Nxd5 5.e4 Nxc3 6.bxc3 Bg7 7.Nf3 O-O 8.Be2 c5
9.Rb1 cxd4 10.cxd4 Qa5+ 11.Bd2 Qxa2 12.O-O a5 13.d5 a4 14.Qc1 b5 15.Rxb5 Ba6
16.Bc4 Bb2 17.Bxa2 Bxc1 18.Rxb8 Rfxb8 19.Rxc1 Rb2 20.Ra1 Rc8 21.Be3 Bc4 22.Bxc4 Rxc4
23.e5 Rcb4 24.Kf1 Rb1+ 25.Rxb1 Rxb1+ 26.Ke2 Rb5 27.d6 exd6 28.exd6 Rd5 29.Bf4 a3
30.Nd2 a2 31.Nb3 f6 32.Na1 Kf7 33.f3 Ke6 34.g4 Rb5 35.Be3 Rb2+ 36.Bd2 Kxd6
37.h3 Ke6 38.h4 h5 39.gxh5 gxh5 40.Kd3 Kf5 41.Bc3 Rh2 42.Kc4 Rxh4+ 43.Kb3 Rh2
44.Nc2 Rxc2  0-1

[Event "Cherepovets"]
[Site "Cherepovets"]
[Date "1997.??.??"]
[Round "11"]
[White "Shipov, Sergei"]
[Black "Grechihin, Valery"]
[Result "1/2-1/2"]
[WhiteElo "2540"]
[BlackElo "2490"]

1.d4 Nf6 2.c4 g6 3.Nc3 d5 4.cxd5 Nxd5 5.e4 Nxc3 6.bxc3 Bg7 7.Be3 c5 8.Qd2 Qa5
9.Nf3 Nc6 10.Rc1 cxd4 11.cxd4 Qxd2+ 12.Kxd2 O-O 13.Bb5 Rd8 14.Bxc6 bxc6 15.Rhd1 Rb8
16.Ke1 Rb2 17.a4 Ra2 18.Rxc6 Rxa4 19.Rc7 Kf8 20.Rb1 Ke8 21.Rb8 Bd7 22.Rbb7 a6
23.Ra7 Ra1+ 24.Kd2 Ra2+ 25.Ke1 Ra1+ 26.Kd2 Ra2+ 27.Kc3 Rc8 28.Rxc8+ Bxc8
29.Ne5 Bxe5 30.dxe5 Ra5 31.Bd4 g5  1/2-1/2

[Event "Ciego de Avila"]
[Site "Ciego de Avila"]
[Date "1997.??.??"]
[Round "6"]
[White "Gomez, Adalberto"]
[Black "Castellanos, Carlos"]
[Result "0-1"]
[WhiteElo "2365"]
[BlackElo "2310"]

1.d4 Nf6 2.c4 g6 3.Nc3 d5 4.cxd5 Nxd5 5.e4 Nxc3 6.bxc3 Bg7 7.Bc4 O-O 8.Ne2 c5
9.O-O Nc6 10.Be3 Bg4 11.f3 cxd4 12.cxd4 Na5 13.Bd3 Bd7 14.Rc1 e6 15.Qd2 b6
16.Bh6 Rc8 17.Bxg7 Kxg7 18.Qb4 Rxc1 19.Rxc1 Bc6 20.Bb5 Bb7 21.g3 a6 22.Bd3 Nc6
23.Qc3 Qf6 24.Kf2 Rc8 25.Qb2 b5 26.h4 Rd8 27.Ke3 Kg8 28.Rc5 Nxd4 29.Nxd4 e5
30.Nb3 Rxd3+ 31.Kxd3 Qxf3+  0-1

[Event "Capablanca 32th Premier-A"]
[Site "Cienfuegos"]
[Date "1997.??.??"]
[Round "5"]
[White "Matamoros Franco, Carlos S"]
[Black "Herrera, Irisberto"]
[Result "1-0"]
[WhiteElo "2480"]
[BlackElo "2450"]

1.d4 Nf6 2.c4 g6 3.Nc3 d5 4.cxd5 Nxd5 5.e4 Nxc3 6.bxc3 Bg7 7.Nf3 c5 8.Be3 Qa5
9.Bd2 O-O 10.Be2 Nc6 11.O-O Bg4 12.d5 Bxf3 13.gxf3 Nb8 14.Rb1 Qc7 15.Qb3 b6
16.f4 Nd7 17.e5 g5 18.fxg5 Qxe5 19.Rbe1 Qd6 20.f4 e6 21.Bf3 Rac8 22.c4 exd5
23.Bxd5 b5 24.Qd3 Bd4+ 25.Kh1 Nb6 26.Be4 Nxc4 27.Qh3 Rfe8 28.Qxh7+ Kf8 29.Bc1 Rc7
30.f5 Ke7 31.Bg2+ Ne5 32.g6 Kd7 33.g7 Rcc8 34.f6 Kc7 35.Bf4 c4 36.Rd1 Kb6
37.Qe4 Rcd8 38.Rxd4 Qxd4 39.Be3  1-0

[Event "Copenhagen-ch"]
[Site "Copenhagen"]
[Date "1997.??.??"]
[Round "9"]
[White "Holm Petersen, Sejer"]
[Black "Rej, Dennis"]
[Result "1-0"]
[WhiteElo "2345"]
[BlackElo "2245"]

1.d4 Nf6 2.c4 g6 3.Nc3 d5 4.cxd5 Nxd5 5.e4 Nxc3 6.bxc3 Bg7 7.Bb5+ c6 8.Be2 c5
9.Nf3 Nc6 10.Be3 Qa5 11.O-O O-O 12.d5 Rd8 13.Qb3 Ne5 14.Nxe5 Bxe5 15.Rac1 Qc7
16.f4 Bg7 17.e5 Bf5 18.c4 f6 19.e6 Be4 20.Qa3 Rdc8 21.f5 Bxf5 22.Bf4 Qb6
23.Rc3 a6 24.Rb3 Qa7 25.Re3 g5 26.Bxg5 fxg5 27.Rxf5 Bd4 28.Rxg5+ Kh8 29.Kh1 Rg8
30.Rh5 Bxe3 31.Qxe3 Rg7 32.Bd3 Qb8 33.Bxh7 Rxh7 34.Qc3+ Kg8 35.Rg5+ Kf8 36.Qf3+  1-0

[Event "Costa Rica-ch"]
[Site "Costa Rica"]
[Date "1997.??.??"]
[Round "13"]
[White "Charpentier, William"]
[Black "Valdes, Leonardo"]
[Result "1/2-1/2"]
[WhiteElo "2195"]
[BlackElo "2235"]

1.d4 Nf6 2.c4 g6 3.Nc3 d5 4.cxd5 Nxd5 5.e4 Nxc3 6.bxc3 Bg7 7.Bc4 c5 8.Ne2 O-O
9.O-O Nc6 10.Be3 Qc7 11.Rc1 Rd8 12.Qa4 Bd7 13.Qa3 Na5 14.Bd3 Rac8 15.Rfd1 c4
16.Bc2 Be8 17.Rb1 b6 18.f4 e6 19.g4 Bc6 20.Ng3 Ba8 21.Rf1 f5 22.gxf5 exf5
23.exf5 Re8 24.Rbe1 Qc6 25.Rf2 h5 26.Ba4 b5 27.Bd1 h4 28.Bf3 Qc7 29.Bxa8 Rxa8
30.Nf1 gxf5 31.Nd2 Nb7 32.Nf3 Bf6 33.Ne5 Kh7 34.Qb2 Rg8+ 35.Kf1 Nd6 36.Qe2 Qg7
37.Qf3 Qh6 38.Bc1 Rad8 39.Ba3 Rg7 40.Nc6 Qg6 41.Bxd6 Rxd6 42.Ne5 Qh6 43.Rb1 a6
44.a4 h3 45.axb5 axb5 46.Ra2 b4 47.Nxc4 Re6 48.Ne5 bxc3 49.Rf2 c2 50.Rxc2 Bxe5
51.fxe5 Qg5 52.Qxh3+ Rh6 53.Qg2 Qe3 54.Rb7 Qd3+ 55.Ke1 Qe3+ 56.Re2 Qc1+ 57.Kf2 Qf4+
58.Ke1 Qc1+ 59.Kf2 Qf4+ 60.Ke1 Qc1+  1/2-1/2

[Event "MSS-ch"]
[Site "CZE"]
[Date "1997.??.??"]
[Round "?"]
[White "Kanok, J."]
[Black "Pistl, R."]
[Result "1-0"]
[WhiteElo "2190"]
[BlackElo "1870"]

1.d4 Nf6 2.c4 g6 3.Nc3 d5 4.cxd5 Nxd5 5.e4 Nxc3 6.bxc3 Bg7 7.Bc4 c5 8.Ne2 cxd4
9.cxd4 O-O 10.O-O Nc6 11.Be3 b6 12.Rc1 Bb7 13.f4 Na5 14.Bd3 Bh6 15.Qd2 Qd7
16.f5 Bxe3+ 17.Qxe3 Rac8 18.Rxc8 Qxc8 19.Rf3 Kh8 20.Qf4 gxf5 21.Qe5+ f6 22.Qxe7 Qe8
23.Qxe8 Rxe8 24.Rxf5 Bxe4 25.Bxe4 Rxe4 26.Kf2 Kg7 27.Rd5 Re7 28.Nf4 Nc4 29.Kf3 Re3+
30.Kg4 Ra3 31.Rd7+ Kg8 32.Kf5 Ne3+ 33.Ke6 f5 34.h3 Rxa2 35.Nh5 h6 36.Nf6+ Kf8
37.Rf7+  1-0

[Event "MSS-ch"]
[Site "CZE"]
[Date "1997.??.??"]
[Round "?"]
[White "Prochazka, Jiri"]
[Black "Fuchs, Stefan"]
[Result "1/2-1/2"]
[WhiteElo "2005"]
[BlackElo "1895"]

1.d4 Nf6 2.c4 g6 3.Nc3 d5 4.cxd5 Nxd5 5.e4 Nxc3 6.bxc3 Bg7 7.Nf3 c5 8.Bc4 Nc6
9.Be3 O-O 10.Rb1 Qc7 11.Qd2 cxd4 12.cxd4 Rd8 13.Rc1 Qa5 14.d5 Qxd2+ 15.Bxd2 Ne5
16.Nxe5 Bxe5 17.Ke2 Bd7 18.f4 Bd4 19.Be3 Bxe3 20.Kxe3 Rac8 21.Bb3 Kf8 22.Kd4 Bc6
23.Rc3 Bd7 24.Rhc1 h6 25.a4 Ke8 26.a5 Rxc3 27.Rxc3 Rc8 28.Ba4 Rxc3 29.Bxd7+ Kxd7
30.Kxc3 e6 31.Kc4 f6 32.dxe6+ Kxe6 33.Kc5 g5 34.g3 h5 35.h3 h4 36.gxh4 gxh4
37.Kd4 Kd6 38.Kc4 Ke6 39.Kc5 Kd7 40.Kd5 Ke7 41.Kc5 Kd7 42.Kd5 Ke7  1/2-1/2

[Event "Moravia-chT 9798"]
[Site "CZE"]
[Date "1997.??.??"]
[Round "1.3"]
[White "Hrivnak, Daniel"]
[Black "Walek, Milan"]
[Result "1-0"]
[WhiteElo "2380"]
[BlackElo "2325"]

1.d4 Nf6 2.c4 g6 3.Nc3 d5 4.cxd5 Nxd5 5.e4 Nxc3 6.bxc3 Bg7 7.Bc4 c5 8.Ne2 Nc6
9.Be3 O-O 10.O-O Bg4 11.f3 Na5 12.Bd5 Bd7 13.Rb1 Qc8 14.dxc5 e6 15.Bb3 Bb5
16.Qc2 Rd8 17.c4 Ba6 18.Kh1 Qc7 19.f4 Nc6 20.Rbd1 Rac8 21.e5 Ne7 22.Nc3 Nf5
23.Bg1 Rxd1 24.Rxd1 g5 25.Nd5 Qa5 26.fxg5 Bxe5 27.Qe4 Bg7 28.Qg4 Kh8 29.Bc2 Bxc4
30.Qxc4 exd5 31.Qd3  1-0

[Event "CZE-chT 9697"]
[Site "CZE"]
[Date "1997.??.??"]
[Round "2"]
[White "Bazant, Petr Sr"]
[Black "Hausner, Ivan"]
[Result "0-1"]
[WhiteElo "2310"]
[BlackElo "2410"]

1.d4 Nf6 2.c4 g6 3.Nc3 d5 4.cxd5 Nxd5 5.e4 Nxc3 6.bxc3 Bg7 7.Be3 O-O 8.Qd2 b6
9.Nf3 Bb7 10.Bd3 Nd7 11.Bh6 e5 12.O-O Qe7 13.Rfe1 Rad8 14.Bxg7 Kxg7 15.Qb2 Rfe8
16.Bb5 c6 17.Bf1 Qf6 18.Re3 Kg8 19.Rae1 Qe7 20.Bc4 b5 21.a4 exd4 22.cxd4 Nb6
23.Ba2 Nxa4 24.Qb3 Rf8 25.h4 c5 26.dxc5 a6 27.Ng5 Nxc5 28.Qa3 Rd7 29.Rf3 Qe5
30.Qc1 Nd3 31.Rxd3 Rxd3 32.h5 Kg7 33.f4 Qc3 34.hxg6 hxg6 35.Bb1 Qd4+ 36.Kh2 Rh8+
37.Nh3 Rhxh3+  0-1

[Event "CZE-chT 9697"]
[Site "CZE"]
[Date "1997.??.??"]
[Round "3"]
[White "Pekarek, Ales"]
[Black "Lechtynsky, Jiri"]
[Result "1/2-1/2"]
[WhiteElo "2440"]
[BlackElo "2425"]

1.d4 Nf6 2.c4 g6 3.Nc3 d5 4.cxd5 Nxd5 5.e4 Nxc3 6.bxc3 Bg7 7.Bc4 c5 8.Ne2 Nc6
9.Be3 O-O 10.O-O Qc7 11.d5 Rd8 12.Rb1 Na5 13.Bb5 b6 14.Qc1 Bd7 15.Bf4 Qc8
16.Bd3 c4 17.Bc2 e6 18.Bg5 Re8 19.dxe6 Bxe6 20.Nf4 Nb7 21.Nxe6 Qxe6 22.Be3 Rac8
23.Qa3 Nd6 24.Qxa7 b5 25.Qa3 Ra8 26.Qb2 Nxe4 27.Bxe4 Qxe4 28.Qxb5 Rxa2 29.Rbe1  1/2-1/2

[Event "CZE-chT 9697"]
[Site "CZE"]
[Date "1997.??.??"]
[Round "4"]
[White "Cech, Pavel"]
[Black "Konopka, Michal"]
[Result "1/2-1/2"]
[WhiteElo "2330"]
[BlackElo "2415"]

1.d4 g6 2.c4 Nf6 3.Nc3 d5 4.cxd5 Nxd5 5.e4 Nxc3 6.bxc3 Bg7 7.Nf3 c5 8.Rb1 O-O
9.Be2 b6 10.O-O Bb7 11.Qd3 e6 12.Bg5 Qd6 13.Qe3 Rc8 14.Rfd1 cxd4 15.cxd4 Nd7
16.Bb5 Nf8 17.Bf4 Qe7 18.d5 exd5 19.exd5 Qxe3 20.Bxe3 a6 21.Ba4 b5 22.Bb3 Nd7
23.d6 h6 24.Rbc1  1/2-1/2

[Event "Decin op"]
[Site "Decin"]
[Date "1997.??.??"]
[Round "7"]
[White "Korobov, Ilya"]
[Black "Vozka, Pavel"]
[Result "0-1"]
[WhiteElo "2335"]
[BlackElo "2275"]

1.d4 Nf6 2.c4 g6 3.Nc3 d5 4.cxd5 Nxd5 5.e4 Nxc3 6.bxc3 Bg7 7.Nf3 c5 8.Be2 Bg4
9.Be3 Nc6 10.d5 Bxf3 11.gxf3 Bxc3+ 12.Kf1 Bxa1 13.Qxa1 Nd4 14.Bb5+ Kf8 15.Bxd4 cxd4
16.Qxd4 f6 17.f4 Qb6 18.Qxb6 axb6 19.a4 Rc8 20.Kg2 Kg7 21.Rb1 Rhd8 22.Be2 Rd6
23.Bf3 Rc4 24.a5 e5 25.fxe5 fxe5 26.axb6 Kf6 27.Bg4 Ra4 28.Bc8 Ra6 29.Bxb7 Raxb6
30.Rxb6 Rxb6 31.Bc8 Rb3 32.f3 Kg5 33.Kg3 h5 34.h4+ Kf6 35.d6 Rd3 36.d7 g5
37.hxg5+ Kxg5 38.Kf2 Kf4 39.Ke2 Rd4 40.Kf2 Rd2+ 41.Ke1 Ke3  0-1

[Event "Dieren op"]
[Site "Dieren"]
[Date "1997.??.??"]
[Round "2"]
[White "Aubel, Jochem"]
[Black "Finkel, Alexander"]
[Result "0-1"]
[WhiteElo "2260"]
[BlackElo "2470"]

1.d4 Nf6 2.c4 g6 3.Nc3 d5 4.cxd5 Nxd5 5.e4 Nxc3 6.bxc3 Bg7 7.Nf3 c5 8.Rb1 O-O
9.Be2 Nc6 10.d5 Ne5 11.Nxe5 Bxe5 12.Qd2 e6 13.f4 Bc7 14.O-O exd5 15.exd5 Ba5
16.Rb3 b6 17.f5 Bxf5 18.Rxf5 gxf5 19.Qh6 c4 20.Bxc4 f6 21.Ba3 Qc7 22.Qh4 Rfc8
23.Ba6 Re8 24.d6 Qg7 25.Bc4+ Kh8 26.Bd5 Rad8 27.h3 b5 28.Kh2 a6 29.Bc5 Re5
30.c4 Be1 31.Qf4 bxc4 32.Rb7 Qg3+ 33.Qxg3 Bxg3+ 34.Kxg3 Rxd5 35.Rc7 Kg8 36.Kf4 Re8
37.Bb4 a5 38.Ba3 Re4+ 39.Kf3 Rd3+ 40.Kf2 Rxa3 41.d7 Rxa2+  0-1

[Event "GER-ch U20 qual"]
[Site "Dortmund"]
[Date "1997.??.??"]
[Round "?"]
[White "Lindinger, Markus"]
[Black "Peschlow, Patrick"]
[Result "1/2-1/2"]
[WhiteElo "2250"]
[BlackElo "2150"]

1.d4 Nf6 2.c4 g6 3.Nc3 d5 4.cxd5 Nxd5 5.e4 Nxc3 6.bxc3 Bg7 7.Bc4 c5 8.Ne2 O-O
9.Be3 Nc6 10.h4 Qc7 11.Rc1 Rd8 12.h5 Qd7 13.hxg6 hxg6 14.e5 Qg4 15.Qb3 Na5
16.Bxf7+ Kf8 17.Qb5 Kxf7 18.Qxa5 b6 19.Qa3 Qxg2 20.Rh4 c4 21.Qa4 b5 22.Qxb5 Qd5
23.Rb1 Bf5 24.Qxd5+ Rxd5 25.Rb4 Ra5 26.Nc1 Be6 27.Kd1 Rd8 28.Kc2 Ra6 29.Bg5 Rb6
30.Rxb6 axb6 31.Kb2 Bf5 32.Ne2 Ra8 33.Nf4 Ra5 34.a4 e6 35.Rh1 Rxa4 36.Ra1 Rxa1
37.Kxa1 Ke8 38.Kb2 Kd7 39.Ka3 Kc6 40.Kb4 b5 41.Be7 Bh6 42.Ng2 Be4 43.Ne3 Bxe3  1/2-1/2

[Event "Dresden op"]
[Site "Dresden"]
[Date "1997.??.??"]
[Round "6"]
[White "Chekhov, Valery A"]
[Black "Suhl, Dirk"]
[Result "1-0"]
[WhiteElo "2530"]
[BlackElo "2320"]

1.d4 Nf6 2.c4 g6 3.Nc3 d5 4.cxd5 Nxd5 5.e4 Nxc3 6.bxc3 Bg7 7.Bb5+ Bd7 8.Rb1 c5
9.Nf3 O-O 10.O-O Bg4 11.Be2 cxd4 12.cxd4 Bxf3 13.Bxf3 Qxd4 14.Qxd4 Bxd4 15.Rxb7 Nc6
16.Rd1 Rab8 17.Rc7 Rfc8 18.Rxc8+ Rxc8 19.Ba3 Bb6 20.Rc1 Rc7 21.Kf1 Kf8 22.Bd1 Ne5
23.Rxc7 Bxc7 24.Ke2 Nc4 25.Bc1 Be5 26.f4 Bc7 27.Kd3 Nb6 28.a4 Ke8 29.Bd2 e5
30.g3 exf4 31.gxf4 g5 32.fxg5 Bxh2 33.a5 Nd7 34.Kd4 Kd8 35.Kd5 Bg1 36.Bh5 f6
37.Bg4 fxg5 38.Bxg5+ Kc7 39.e5 Nxe5 40.Kxe5 Bf2 41.Bd2 Kc6 42.Ke4 Kc5 43.Kd3 Bd4
44.Kc2 Bf2 45.Kb3 Bg1 46.Ka4 Kc6 47.Bh6 Bh2 48.Bf5 Kc7 49.Bxh7 Kb8 50.Kb5 Bg1
51.Bf4+ Kc8 52.Ka6  1-0

[Event "RUS-Cup5"]
[Site "Ekaterinburg"]
[Date "1997.??.??"]
[Round "1"]
[White "Ulibin, Mikhail"]
[Black "Kostenko, Petr"]
[Result "1-0"]
[WhiteElo "2555"]
[BlackElo "2365"]

1.d4 Nf6 2.c4 g6 3.Nc3 d5 4.cxd5 Nxd5 5.e4 Nxc3 6.bxc3 Bg7 7.Bb5+ c6 8.Ba4 b5
9.Bb3 b4 10.Be3 bxc3 11.Ne2 O-O 12.Rc1 Ba6 13.Rxc3 Qa5 14.Qd2 Rd8 15.Rc2 Qxd2+
16.Kxd2 e5 17.d5 Bb7 18.Rb1 cxd5 19.Rc7 Bc6 20.Rc1 a5 21.exd5 a4 22.Bc4 Bxd5
23.Bxd5 Rxd5+ 24.Ke1 Na6 25.Rc8+ Rd8 26.Rxa8 Rxa8 27.Rc4 a3 28.Ra4 Bf8 29.Bd2 f5
30.f3 Kf7 31.Nc3 Nc7 32.Rxa8 Nxa8 33.Nb5 Nb6 34.Bc1 Bb4+ 35.Ke2 Nd5 36.Kd3 Ke6
37.Kc4 Be7 38.Kb3 e4 39.Nd4+ Kd7 40.fxe4 fxe4 41.Kc4 Nb6+ 42.Kb5 Nc8 43.Kc4 Bd6
44.Kd5 e3 45.h3 Nb6+ 46.Ke4 Bc5 47.Nb3 Bb4 48.Bxe3 Na4 49.Kd4 Nc3 50.Nc1 Nd1
51.Bh6 Ke6 52.Nd3 Bd6 53.Bd2 Nb2 54.Nc5+ Bxc5+ 55.Kxc5 Ke5 56.Kb4 Kd4 57.Bh6 Nc4
58.g4 Kd3 59.g5 Nd6 60.Kxa3 Kc4 61.Ka4 Ne4 62.Ka5 Nc3 63.a3 Ne4 64.h4 Nd2
65.Bf8 Nf3 66.a4 Kb3 67.Kb5 Nd4+ 68.Kc5 Ne6+ 69.Kd6 Nd4 70.Kd5 Ne2 71.a5 Nc3+
72.Kc6  1-0

[Event "RUS-Cup5"]
[Site "Ekaterinburg"]
[Date "1997.??.??"]
[Round "7"]
[White "Malaniuk, Vladimir P"]
[Black "Vokarev, Sergey"]
[Result "1-0"]
[WhiteElo "2610"]
[BlackElo "2530"]

1.d4 Nf6 2.c4 g6 3.Nc3 d5 4.cxd5 Nxd5 5.e4 Nxc3 6.bxc3 Bg7 7.Be3 c5 8.Qd2 Qa5
9.Rb1 b6 10.Bb5+ Bd7 11.Be2 O-O 12.Rc1 e6 13.Nf3 cxd4 14.cxd4 Nc6 15.Qxa5 Nxa5
16.Bd2 Rac8 17.O-O Rxc1 18.Rxc1 Rc8 19.Rxc8+ Bxc8 20.Bxa5 bxa5 21.Ne5 f6
22.Nc6 Bb7 23.Nd8 Bxe4 24.Nxe6 Bd5 25.Nxg7 Kxg7 26.a3 Kf7 27.f3 g5 28.Bd3 h6
29.Kf2 Be6 30.Ke3 Ke7 31.Ke4 Kd6 32.Bb5 Bc8 33.Bc4 Bd7 34.Bf7 Ke7 35.Bb3 Kd6
36.Bc4 Bc8 37.Bf7 Bd7 38.Bg8 Bc8 39.Ba2 Bd7 40.Bf7  1-0

[Event "RUS-Cup5"]
[Site "Ekaterinburg"]
[Date "1997.??.??"]
[Round "9"]
[White "Isaev, Jamshed"]
[Black "Yandemirov, Valeri"]
[Result "0-1"]
[WhiteElo "2445"]
[BlackElo "2500"]

1.d4 Nf6 2.c4 g6 3.Nc3 d5 4.cxd5 Nxd5 5.e4 Nxc3 6.bxc3 Bg7 7.Bc4 O-O 8.Ne2 Nc6
9.O-O Na5 10.Bd3 b6 11.Be3 c5 12.Rc1 Bb7 13.Qd2 Rc8 14.d5 c4 15.Bb1 e6 16.Rcd1 exd5
17.exd5 Re8 18.Rfe1 Qd7 19.Ng3 b5 20.Bxa7 b4 21.Rxe8+ Qxe8 22.cxb4 c3 23.Qd3 Nc4
24.Bc5 Nb2 25.Qc2 Nxd1 26.Qxd1 Bxd5 27.Nf1 Qe6 28.a4 Bb3 29.Bc2 Bxc2 30.Qxc2 Qe1
31.g3 Rd8 32.Kg2 Rd1 33.Ne3 Rd2  0-1

[Event "Schachschule Erlangen op"]
[Site "Erlangen"]
[Date "1997.??.??"]
[Round "3"]
[White "Nuernberger, Stefan"]
[Black "Hashemi, Abbas"]
[Result "0-1"]
[WhiteElo "1950"]
[BlackElo "2016"]

1.c4 Nf6 2.Nc3 d5 3.cxd5 Nxd5 4.d4 g6 5.e4 Nxc3 6.bxc3 Bg7 7.Bc4 O-O 8.Be3 c5
9.Ne2 cxd4 10.cxd4 Qa5+ 11.Bd2 Qa3 12.Rb1 Nc6 13.d5 Ne5 14.Bb4 Qf3 15.O-O Qxe4
16.Bb5 Qh4 17.Nc3 a5 18.Bc5 Ng4 19.h3 Bxc3 20.hxg4 Be5 21.f4 Bxg4 22.Qb3 Bf6
23.Ba4 Be2 24.Rfe1 Ba6 25.Qf3 Rac8 26.Bf2 Qh6 27.Rec1 b5 28.Bd1 b4 29.Rc6 Bb5
30.Rb6 Rc3 31.Qg4 Bd3 32.Rb2 Rc4 33.Rd2 Rxf4 34.Qh3 Rh4 35.Rxd3 Rxh3 36.Rxh3 Qd2
37.Bb3 Bd4  0-1

[Event "FIN-chT 9798"]
[Site "Finland"]
[Date "1997.??.??"]
[Round "4"]
[White "Maki Uuro, Miikka"]
[Black "Holmsten, Aleksei"]
[Result "0-1"]
[WhiteElo "2295"]
[BlackElo "2325"]

1.d4 Nf6 2.c4 g6 3.Nc3 d5 4.cxd5 Nxd5 5.e4 Nxc3 6.bxc3 Bg7 7.Be3 O-O 8.Qd2 c5
9.Nf3 Qa5 10.Rc1 e6 11.Bh6 Rd8 12.Bxg7 Kxg7 13.h4 cxd4 14.cxd4 Nc6 15.Qxa5 Nxa5
16.Kd2 Bd7 17.Bd3 Rac8 18.Ke3 h6 19.g4 f6 20.e5 f5 21.gxf5 gxf5 22.Rhg1+ Kf7
23.Be2 Rxc1 24.Rxc1 Bc6 25.Ne1 f4+ 26.Kxf4 Rxd4+ 27.Kg3 Re4 28.Bh5+ Ke7 29.f4 Ra4
30.Rc2 Nc4 31.Bf3 Ne3 32.Bxc6 Ra3 33.Rb2 Nf5+ 34.Kg4 bxc6 35.Rb7+ Kd8 36.Rb2 Ng7
37.Nc2 Rc3 38.Nb4 Ke7 39.Na6 Kf7 40.Rb3  0-1

[Event "FRA-chT9697 groupe B"]
[Site "France"]
[Date "1997.??.??"]
[Round "3"]
[White "Cruz Lopez Claret, Carlos"]
[Black "Lohou, Stephane"]
[Result "1-0"]
[WhiteElo "2290"]
[BlackElo "2210"]

1.d4 Nf6 2.c4 g6 3.Nc3 d5 4.cxd5 Nxd5 5.e4 Nxc3 6.bxc3 Bg7 7.Nf3 O-O 8.Be2 b6
9.O-O Bb7 10.Qd3 Qd7 11.Bg5 Qg4 12.d5 c6 13.Bxe7 cxd5 14.Nd2 Qe6 15.Bxf8 dxe4
16.Qe3 Bxf8 17.Bc4 Qf5 18.Rfe1 Nd7 19.Nxe4 Re8 20.Bd3 Ne5 21.Nd6 Nxd3 22.Nxf5 Rxe3
23.Rxe3  1-0

[Event "Arnold mem"]
[Site "Gausdal"]
[Date "1997.??.??"]
[Round "1"]
[White "Nedberg, Benjamin S"]
[Black "Tisdall, Jonathan D"]
[Result "0-1"]
[WhiteElo "2115"]
[BlackElo "2480"]

1.d4 Nf6 2.c4 g6 3.Nc3 d5 4.cxd5 Nxd5 5.e4 Nxc3 6.bxc3 Bg7 7.Bc4 O-O 8.Ne2 Nc6
9.O-O b6 10.Be3 Bb7 11.Rc1 Qd6 12.f3 Na5 13.Bd3 c5 14.Qa4 Rad8 15.Rfd1 Bc6
16.Bb5 Bxb5 17.Qxb5 cxd4 18.cxd4 Qa3 19.Bf2 Qxa2 20.Rc7 Rc8 21.Rxa7 Rc2 22.Qxb6 Rxe2
23.Rxa5 Qc2  0-1

[Event "Arnold mem"]
[Site "Gausdal"]
[Date "1997.??.??"]
[Round "2"]
[White "Burgess, Graham"]
[Black "Ostenstad, Berge"]
[Result "0-1"]
[WhiteElo "2315"]
[BlackElo "2465"]

1.d4 Nf6 2.c4 g6 3.Nc3 d5 4.cxd5 Nxd5 5.e4 Nxc3 6.bxc3 Bg7 7.Be3 c5 8.Qd2 Qa5
9.Rc1 cxd4 10.cxd4 Qxd2+ 11.Bxd2 O-O 12.Bc3 e6 13.Nf3 Rd8 14.Bc4 Nc6 15.d5 Bxc3+
16.Rxc3 exd5 17.Bxd5 Nb4 18.Bc4 b5 19.Bxb5 Nxa2 20.Ra3 Rb8 21.Rxa2 Rxb5 22.Ke2 Rb4
23.Ke3 f5 24.Nd2 Rbd4 25.Rc1 Be6 26.Ra6 Rxd2 27.Rxe6 R8d3+ 28.Kf4 Rxf2+ 29.Kg5 fxe4
30.Rc7 Rxg2+ 31.Kf4 Rf3+ 32.Kxe4 Rf7  0-1

[Event "Geneve op"]
[Site "Geneve"]
[Date "1997.??.??"]
[Round "6"]
[White "Lazarev, Vladimir"]
[Black "Vegh, Jean Pierre"]
[Result "1-0"]
[WhiteElo "2450"]
[BlackElo "2210"]

1.d4 Nf6 2.c4 g6 3.Nc3 d5 4.cxd5 Nxd5 5.e4 Nxc3 6.bxc3 Bg7 7.Bb5+ c6 8.Ba4 O-O
9.Ne2 c5 10.O-O Nc6 11.Be3 cxd4 12.cxd4 Bd7 13.Rc1 e6 14.Kh1 Na5 15.d5 exd5
16.exd5 Bxa4 17.Qxa4 Qxd5 18.Nf4 Qd8 19.Rfd1 Qg5 20.Rd5 Qh4 21.Qxa5  1-0

[Event "Bundesliga 9798"]
[Site "Germany"]
[Date "1997.??.??"]
[Round "?.4"]
[White "Volke, Karsten"]
[Black "Roos, Daniel"]
[Result "1-0"]
[WhiteElo "2455"]
[BlackElo "2420"]

1.d4 Nf6 2.c4 g6 3.Nc3 d5 4.cxd5 Nxd5 5.e4 Nxc3 6.bxc3 Bg7 7.Bc4 c5 8.Ne2 Nc6
9.Be3 O-O 10.O-O Qc7 11.Rc1 Rd8 12.Bf4 Qd7 13.d5 Na5 14.Bd3 b6 15.c4 e5 16.Bg5 Re8
17.Bc2 Qd6 18.Ba4 Bd7 19.Bd2 Nb7 20.Nc3 Rf8 21.f3 f5 22.Bg5 Rf7 23.Qe2 Bxa4
24.Nxa4 fxe4 25.Qxe4 Qf8 26.Nc3 Nd6 27.Qd3 Bh6 28.Ne4 Bg7 29.Bd2 h6 30.Nxd6 Qxd6
31.Rfe1 Kh7 32.Re4 Rd8 33.Be3 Rb7 34.Qa3 Rdd7 35.Qa6 Bf8 36.a4 h5 37.Re1 Rb8
38.Qb5 Re7 39.Bg5 Ree8 40.Qa6 Qd7 41.Rxe5 Rxe5 42.Rxe5 Bd6 43.Re6 Rf8 44.Qb5 Qg7
45.Qb1 Rf5 46.Qc1 Bf8 47.Be3 Re5 48.Bh6  1-0

[Event "BL2-O9697"]
[Site "Germany"]
[Date "1997.??.??"]
[Round "?.7"]
[White "Schaeffner, Claus"]
[Black "Klee, Mario"]
[Result "1/2-1/2"]
[WhiteElo "2195"]
[BlackElo "2150"]

1.d4 Nf6 2.c4 g6 3.Nc3 d5 4.cxd5 Nxd5 5.e4 Nxc3 6.bxc3 Bg7 7.Rb1 c5 8.Nf3 O-O
9.Be2 cxd4 10.cxd4 Qa5+ 11.Bd2 Qxa2 12.O-O Bg4 13.Bg5 h6 14.Be3 Nc6 15.Rxb7 Rab8
16.Rxb8 Rxb8 17.h3 Bxf3 18.Bxf3 a5 19.e5 Nb4 20.Qa1 e6 21.Qc1 Nc2 22.Qd2 Rb2
23.Bxh6 Nxd4 24.Qxd4 Bxh6 25.Qd8+ Bf8 26.h4 Rb1 27.Rd1 Qa1 28.h5 Rxd1+ 29.Qxd1 Qxe5
30.hxg6 fxg6 31.Qe2 Qxe2 32.Bxe2 a4 33.Bc4 Kf7 34.Kf1 Kf6 35.Ke2 e5 36.f3 g5
37.g4 e4 38.fxe4 Ke5 39.Kd3 a3 40.Kc2 Kf4 41.Be6 Kxe4  1/2-1/2

[Event "Bundesliga 9798"]
[Site "Germany"]
[Date "1997.??.??"]
[Round "?.5"]
[White "Gabriel, Christian"]
[Black "Kyas, Juergen"]
[Result "1-0"]
[WhiteElo "2575"]
[BlackElo "2265"]

1.d4 Nf6 2.c4 g6 3.Nc3 d5 4.cxd5 Nxd5 5.e4 Nxc3 6.bxc3 Bg7 7.Bb5+ c6 8.Ba4 O-O
9.Ne2 Nd7 10.O-O c5 11.Bg5 cxd4 12.cxd4 Nb6 13.Bb3 Bg4 14.f3 Bd7 15.a4 Rc8
16.Qd3 a6 17.Qd2 Nc4 18.Qb4 a5 19.Qxe7 Qxe7 20.Bxe7 Nd2 21.Bxf8 Kxf8 22.Bd5 Nxf1
23.Kxf1 b5 24.axb5 Bxb5 25.Rb1 Ba6 26.Rb6 Bd3 27.Ke1 Bh6 28.Rb7 Be3 29.Rb3 Bxe2
30.Rxe3 Bb5 31.Rb3 Be8 32.Kd2 a4 33.Rb7 h6 34.Ba2 Rd8 35.Kd3 g5 36.e5 Rd7
37.Rb8 Re7 38.Ke4 Kg7 39.d5 f5+ 40.Kd4  1-0

[Event "BL9697 (Women)"]
[Site "Germany"]
[Date "1997.??.??"]
[Round "?"]
[White "Schuster, Birgit"]
[Black "Bednarska, Malgorzata"]
[Result "0-1"]
[WhiteElo "2225"]
[BlackElo "2165"]

1.d4 Nf6 2.c4 g6 3.Nc3 d5 4.cxd5 Nxd5 5.e4 Nxc3 6.bxc3 Bg7 7.Bc4 c5 8.Be3 O-O
9.Ne2 Nc6 10.O-O cxd4 11.cxd4 Na5 12.Bd3 b6 13.Rc1 Bb7 14.Qd2 Rc8 15.d5 e6
16.dxe6 fxe6 17.Rfd1 Qe7 18.Bg5 Qf7 19.f3 Rxc1 20.Rxc1 Rc8 21.Rxc8+ Bxc8
22.Bb5 Qc7 23.Kf1 Kf7 24.Qf4+ Qxf4 25.Bxf4 a6 26.Bd3 b5 27.Ke1 Nc6 28.Kd2 Bf8
29.Bb1 e5 30.Bg3 Be6 31.Nc3 Bc4 32.Bd3 Bh6+ 33.f4 exf4 34.Bxc4+ bxc4 35.Bf2 f3+
36.Ke1 fxg2 37.Bg1 Nb4 38.Kf2 Bg7 39.Nd5 Nxd5 40.exd5 Bd4+  0-1